| Tag |
First Indicator |
Second Indicator |
Subfields |
| LEADER |
00000cam a2200000 a 4500 |
| 001 |
in00000007115 |
| 005 |
20160107093125.0 |
| 008 |
851008s1987 nyuabef 00000 eng |
| 010 |
|
|
|a 85025854
|
| 020 |
|
|
|a 0195037537 (alk. paper) :
|c $39.95
|
| 035 |
|
|
|a (OCoLC)12752439
|
| 035 |
|
|
|9 AAA1585AM
|
| 040 |
|
|
|a DLC
|c DLC
|d TXA
|d UtOrBLW
|
| 043 |
|
|
|a n-us-ca
|
| 049 |
|
|
|a TXAM
|c [A12562748]
|
| 050 |
0 |
0 |
|a NA9031
|b .N48 1987
|
| 082 |
0 |
|
|a 711/.4/01
|2 19
|
| 245 |
0 |
2 |
|a A New theory of urban design /
|c Christopher Alexander [and others].
|
| 264 |
|
1 |
|a New York :
|b Oxford University Press,
|c 1987.
|
| 300 |
|
|
|a 251 pages, 1 unnumbered page of plates :
|b illustrations, maps, plans ;
|c 21 cm.
|
| 336 |
|
|
|a text
|b txt
|2 rdacontent
|
| 337 |
|
|
|a unmediated
|b n
|2 rdamedia
|
| 338 |
|
|
|a volume
|b nc
|2 rdacarrier
|
| 490 |
1 |
|
|a [Center for Environmental Structure series] ;
|v 6
|
| 500 |
|
|
|a Series title from jacket.
|
| 650 |
|
0 |
|a City planning
|x Philosophy.
|
| 650 |
|
0 |
|a City planning
|z California
|z San Francisco
|x Simulation methods.
|
| 700 |
1 |
|
|a Alexander, Christopher,
|d 1936-
|
| 830 |
|
0 |
|a Center for Environmental Structure series ;
|v 6.
|
| 999 |
|
|
|a MARS
|
| 999 |
f |
f |
|s 603b08b1-ae4f-3604-93b7-8dad9412c7e1
|i b6d09902-929d-36cd-91c5-2d5f77428884
|t 0
|
| 952 |
f |
f |
|p normal
|a Texas A&M University
|b College Station
|c Sterling C. Evans Library
|d Evans: Library Stacks
|t 0
|e NA9031 .N48 1987
|h Library of Congress classification
|i unmediated -- volume
|m A14823335390
|
| 998 |
f |
f |
|a NA9031 .N48 1987
|t 0
|l Evans: Library Stacks
|